Sonata IV (op.2) per Violoncello e Basso Continuo / edizione per violoncello e pianoforte a cura di Ettore Bonelli (Record no. 28951)

000 -LEADER
fixed length control field 00708nam a22002057a 4500
003 - CONTROL NUMBER IDENTIFIER
control field OSt
005 - DATE AND TIME OF LATEST TRANSACTION
control field 20260428095851.0
008 - FIXED-LENGTH DATA ELEMENTS--GENERAL INFORMATION
fixed length control field 260428b ||||| |||| 00| 0 eng d
040 ## - CATALOGING SOURCE
Original cataloging agency BSHUA
Language of cataloging Shqip
050 ## - LIBRARY OF CONGRESS CALL NUMBER
Item number 787.3/Mar.
082 ## - DEWEY DECIMAL CLASSIFICATION NUMBER
Item number 787.3/Mar.
100 ## - MAIN ENTRY--PERSONAL NAME
Personal name Marcello, Benedetto
245 ## - TITLE STATEMENT
Title Sonata IV (op.2) per Violoncello e Basso Continuo / edizione per violoncello e pianoforte a cura di Ettore Bonelli
260 ## - PUBLICATION, DISTRIBUTION, ETC. (IMPRINT)
Place of publication, distribution, etc Padova:
Name of publisher, distributor, etc G. Zanibon
300 ## - PHYSICAL DESCRIPTION
Extent 2 parte
653 ## - INDEX TERM--UNCONTROLLED
Uncontrolled term Muzika boterore - Muzika italiane - Muzika instrumentale - Muzike per Violincel - Sonata -
-- Sonata nr.4 - Opus 2 -
-- Sonate per Violincel dhe Piano - 2 parte
856 ## - ELECTRONIC LOCATION AND ACCESS
Link text Fulltext
942 ## - ADDED ENTRY ELEMENTS (KOHA)
Source of classification or shelving scheme
Koha item type Music Parts
953 ## - Fulltext
Is Fulltext Available Unavailable
Holdings
Withdrawn status Lost status Source of classification or shelving scheme Damaged status Not for loan Permanent Location Current Location Date acquired Cost, normal purchase price Full call number Barcode Date last seen Price effective from Koha item type
          Biblioteka e Universitetit te Arteve - Fondi i Mbyllur Biblioteka e Universitetit te Arteve - Fondi i Mbyllur 2026-04-28 300.00 787.3/Mar. 68505 2026-04-28 2026-04-28 Music Parts
^
Universiteti i Arteve, Tiranë
Projekt i realizuar më Tetor, 2011.
Powered by: Koha
Developed by: Erjon Sulaj